000 00674cab a2200229 4500
001 WB3142-11
008 090401t1995 xxu||||| |||| 00| 0 eng d
035 _a(Sirsi) u21949
041 _aeng
245 _aDamp-proofing warning
260 _c1995
350 _a0
490 _aDaily Telegraph
_vWeekend, 4 November 1995, 17(1)
520 _aReports on research into the effectiveness of building surveyors with regards to diagnosing rising damp.
650 _aBUILDING SURVEYORS
650 _aDAMP-PROOFING
650 _aRISING DAMP
650 _aSOUTH BANK UNIVERSITY
690 _aBUILT ENVIRONMENT-BUILDING INSPECTION
942 _n0
948 _c04/03/1997
999 _c14707
_d14707